Tipología : Cultura y relatos P'urhépecha (Record no. 9818)

MARC details
000 -LEADER
fixed length control field 00645 a2200169 4500
008 - FIXED-LENGTH DATA ELEMENTS--GENERAL INFORMATION
fixed length control field 110623t mx||||| |||| 00| 0 spa d
020 ## - INTERNATIONAL STANDARD BOOK NUMBER
International Standard Book Number 9709836226
050 04 - LIBRARY OF CONGRESS CALL NUMBER
Classification number F1219 .3 .F6
Item number C36 2006
100 1# - MAIN ENTRY--PERSONAL NAME
Personal name Cárdenas Fernandez, Blanca
245 10 - TITLE STATEMENT
Title Tipología : Cultura y relatos P'urhépecha
Statement of responsibility, etc / Blanca Cárdenas Fernández.
260 ## - PUBLICATION, DISTRIBUTION, ETC. (IMPRINT)
Place of publication, distribution, etc Morelia, Michoacán de Ocampo, México :
Name of publisher, distributor, etc UMSNH,
Date of publication, distribution, etc 2006.
300 ## - PHYSICAL DESCRIPTION
Extent 214 p. :
Other physical details il. ;
Dimensions 21 cm.
504 ## - BIBLIOGRAPHY, ETC. NOTE
Bibliography, etc Incluye bibliografias
650 #7 - SUBJECT ADDED ENTRY--TOPICAL TERM
Source of heading or term Lemb
Topical term or geographic name as entry element Historia
General subdivision P'urhépecha
Geographic subdivision Michoacán de Ocampo, (México)
650 #7 - SUBJECT ADDED ENTRY--TOPICAL TERM
Source of heading or term Lemb
Topical term or geographic name as entry element Cultura
General subdivision P'urhépecha
Geographic subdivision Michoacán de Ocampo, (México)
942 ## - ADDED ENTRY ELEMENTS (KOHA)
Source of classification or shelving scheme Biblioteca del Cogreso de los Estados Unidos
Koha item type Libro
Holdings
Estado de pérdida Fuente de clasificación Estado del daño No para préstamo Ubicación permanente Ubicación actual Apartado o colección Fecha de adquisición Edición Dependencia de educación superior (DES) Área del conocimiento Clasificación Código de Barras Date last seen Número de copia Costo por reposición Tipo de recurso Nota pública Fuente de adquisición Total Checkouts
  Biblioteca del Cogreso de los Estados Unidos   Primer ejemplar Biblioteca de la Facultad de Ingeniería Mecánica Biblioteca de la Facultad de Ingeniería Mecánica General 25/06/2025 1a ed.   Educación y Humanidades F1219.3.F6 C36 2006 BIM000000025 25/06/2025 1 1.00 Libro      
  Biblioteca del Cogreso de los Estados Unidos     Biblioteca de la Facultad de Ingeniería Mecánica Biblioteca de la Facultad de Ingeniería Mecánica General 25/06/2025 1a ed.   Educación y Humanidades F1219.3.F6 C36 2006 BIM000000026 25/06/2025 2 1.00 Libro      
  Biblioteca del Cogreso de los Estados Unidos     Biblioteca del Departamento de Idiomas Biblioteca del Departamento de Idiomas General 25/11/2024 1a ed.   Educación y Humanidades F1219.3.F6 C36 2006 BDI000005707 25/11/2024 1 1.00 Libro   Donación  
  Biblioteca del Cogreso de los Estados Unidos     Biblioteca del Instituto de Investigaciones Históricas Biblioteca del Instituto de Investigaciones Históricas Fondo Michoacán 23/06/2011 1a ed. Humanidades Ciencias Sociales y Administrativas F1219 .3 .F6 C36 2006 IIH000000258 23/06/2011 C:1 1.00 Libro MICHOACÁN